000 00913nam a2200349 a 4500
003 AR-BaBNM
005 20251128204458.0
008 082120s2002 ||||||||||||||000 | spa||
020 _a950-9658-14-6
040 _cAR-BaBNM
100 1 _aMalbran, Silvia
245 0 0 _aEl aprendizaje musical de los niños
250 _a3ª ed.
260 _aBuenos Aires
_bActilibro
_c1994
300 _a239 p.
_bil.
500 _aPrólogo a cargo de Silvia Furner
650 4 _aEDUCACION MUSICAL
650 4 _aPERCEPCION AUDITIVA
650 4 _aESTIMULOS AUDITIVOS
650 4 _aJUEGOS EDUCATIVOS
650 4 _aRITMO
650 4 _aACUSTICA
650 4 _aEDUCACION ESTETICA
650 4 _aACTIVIDADES DE APRENDIZAJE
650 4 _aCANTO
650 4 _aOBJETIVOS EDUCACIONALES
650 4 _aINSTRUMENTOS MUSICALES
650 4 _aPLANES DE CLASE
653 _aCANCIONEROS
942 _cBK
998 _cCarmen
999 _c7584
_d7584